British-Grown Douglas fir: growth rate and density relating to visual grading and strength class attribution (Record no. 115139)

MARC details
000 -LEADER
fixed length control field 00957cam a2200229 4500
001 - CONTROL NUMBER
control field L158098
008 - FIXED-LENGTH DATA ELEMENTS--GENERAL INFORMATION
fixed length control field 060118n2014 000 0 eng u
020 ## - INTERNATIONAL STANDARD BOOK NUMBER
International Standard Book Number 9781848063709
035 ## - SYSTEM CONTROL NUMBER
System control number (Sirsi) u158098
041 0# - LANGUAGE CODE
Language code of text/sound track or separate title eng
050 04 - LIBRARY OF CONGRESS CALL NUMBER
Classification number 694.01 $2 18
100 1# - MAIN ENTRY--PERSONAL NAME
Personal name Suttie, Ed
245 00 - TITLE STATEMENT
Title British-Grown Douglas fir: growth rate and density relating to visual grading and strength class attribution
260 ## - PUBLICATION, DISTRIBUTION, ETC.
Place of publication, distribution, etc. Watford
Name of publisher, distributor, etc. BRE
Date of publication, distribution, etc. 2014
300 ## - PHYSICAL DESCRIPTION
Extent 8p.
Other physical details ill
Dimensions 30cm.
490 #0 - SERIES STATEMENT
Series statement BRE Information Paper
Volume/sequential designation IP 3/14
520 ## - SUMMARY, ETC.
Summary, etc. Describes research carried out on visual methods to assess the strength of Douglas fir by using the ratio of earlywood to latewood in the growth rings to assess the wood density. The use of Douglas fir in structural applications is also briefly considered.
651 #4 - SUBJECT ADDED ENTRY--GEOGRAPHIC NAME
Geographic name ENGLAND AND WALES
690 ## - LOCAL SUBJECT ADDED ENTRY--TOPICAL TERM (OCLC, RLIN)
Topical term or geographic name as entry element BUILT ENVIRONMENT-BUILDING MATERIALS-TIMBER
710 2# - ADDED ENTRY--CORPORATE NAME
Corporate name or jurisdiction name as entry element United Kingdom
Subordinate unit Department of Trade and Industry
942 ## - ADDED ENTRY ELEMENTS (KOHA)
Suppress in OPAC 0
Holdings
Withdrawn status Lost status Source of classification or shelving scheme Damaged status Not for loan Home library Current library Shelving location Date acquired Total Checkouts Full call number Barcode Date last seen Copy number Price effective from Koha item type
    Dewey Decimal Classification     London London BRE publications 13/05/2014   BRE 30075233 06/08/2019 1 06/08/2019 Book